[Event "Madrid-ch Seniors 50"]
[Site "Madrid"]
[Date "2020.01.20"]
[Round "6"]
[White "Sanchez Peral, Pedro"]
[Black "De Paz Nistal, Santiago"]
[Result "0-1"]
[WhiteElo "1818"]
[BlackElo "1920"]
[PlyCount "60"]
[EventDate "2020.01.13"]
[EventType "swiss"]
[EventRounds "9"]
[EventCountry "ESP"]
[SourceTitle "CBM 194 Extra"]
[Source "ChessBase"]
[SourceDate "2020.03.31"]
[SourceVersion "1"]
[SourceVersionDate "2020.03.31"]
[SourceQuality "1"]

1. e4 c6 2. d4 d5 3. exd5 cxd5 4. Bd3 Nc6 5. c3 Nf6 6. Nf3 Bg4 7. Bf4 Qb6 8. Qe2 e6 9. b3 Be7 10. Nbd2 0-0 11. 0-0 Bh5 12. Rfe1 Rfe8 13. h3 Bg6 14. Bxg6 hxg6 15. Ne5 Nxe5 16. Bxe5 Nd7 17. c4 Nxe5 18. dxe5 Red8 19. Red1 Qa5 20. cxd5 Rxd5 21. Nc4 Qb5 22. f4 Rad8 23. Rxd5 exd5 24. a4 Qa6 25. Rc1 dxc4 26. Qxc4 Qxc4 27. Rxc4 b6 28. Kf2 Bc5+ 29. Ke2 a5 30. Kf3 Rd3+ 0-1

[Event "Madrid-ch Seniors 50"]
[Site "Madrid"]
[Date "2019.01.16"]
[Round "8"]
[White "Sanchez Peral, Pedro"]
[Black "Elissalt Cardenas, Hector"]
[Result "0-1"]
[WhiteElo "1873"]
[BlackElo "2303"]
[PlyCount "70"]
[EventDate "2019.01.07"]
[EventType "swiss"]
[EventRounds "9"]
[EventCountry "ESP"]
[SourceTitle "CBM 188 Extra"]
[Source "ChessBase"]
[SourceDate "2019.02.28"]
[SourceVersion "1"]
[SourceVersionDate "2019.02.28"]
[SourceQuality "1"]

1. e4 d6 2. d4 Nf6 3. Nc3 e5 4. dxe5 dxe5 5. Qxd8+ Kxd8 6. Bg5 Be6 7. Nf3 Nbd7 8. 0-0-0 Kc8 9. Bd3 Ne8 10. Be3 f6 11. h3 c6 12. a3 Kc7 13. Nd2 b5 14. Nb3 a5 15. Nxb5+ cxb5 16. Bxb5 a4 17. Bxd7 Bxd7 18. Nc5 Bc8 19. Rd5 Nd6 20. Rhd1 Be7 21. f3 Nc4 22. Bf2 Nb6 23. R5d2 Ra5 24. Nd3 Nc4 25. Re2 Rb5 26. c3 Rd8 27. Nb4 Rxd1+ 28. Kxd1 Be6 29. Kc2 Ra5 30. Re1 Ra8 31. Rd1 Nxa3+ 32. Kc1 Bxb4 33. cxb4 Nc4 34. Bc5 a3 35. bxa3 Rxa3 0-1

[Event "Madrid-ch Seniors 50"]
[Site "Madrid"]
[Date "2019.01.15"]
[Round "7"]
[White "Largo Barbero, Benito"]
[Black "Sanchez Peral, Pedro"]
[Result "0-1"]
[WhiteElo "1872"]
[BlackElo "1873"]
[PlyCount "68"]
[EventDate "2019.01.07"]
[EventType "swiss"]
[EventRounds "9"]
[EventCountry "ESP"]
[SourceTitle "CBM 188 Extra"]
[Source "ChessBase"]
[SourceDate "2019.02.28"]
[SourceVersion "1"]
[SourceVersionDate "2019.02.28"]
[SourceQuality "1"]

1. d4 Nf6 2. Bg5 d5 3. Nc3 Bf5 4. f3 h6 5. Bh4 Nc6 6. a3 a6 7. Qd2 Qd7 8. e3 e6 9. Bd3 Bxd3 10. Qxd3 Be7 11. Nge2 0-0 12. Bxf6 Bxf6 13. f4 b5 14. b4 Be7 15. 0-0 Rad8 16. Nd1 f6 17. c3 e5 18. Qg6 Qe8 19. Qxe8 Rfxe8 20. fxe5 fxe5 21. Ng3 exd4 22. exd4 Bg5 23. Ra2 Rd7 24. a4 Rde7 25. axb5 axb5 26. Ra6 Nb8 27. Ra7 c6 28. Rxe7 Rxe7 29. Rf3 Nd7 30. Kf2 Nf6 31. Ne3 Bxe3+ 32. Kf1 Bd2 33. Nf5 Re1+ 34. Kf2 Ne4# 0-1